Maloobchod bezobalových produktov bakalárska práca

Na minha lista:
Detalhes bibliográficos
Autor principal: Orechovská, Laura
Autor Corporativo: Podnikovohospodárska fakulta EU so sídlom v Košiciach. Katedra obchodného podnikania
Outros Autores: Lieskovská, Vanda, 1961-
Formato: Livro
Idioma:eslovaco
Publicado em: Košice 2023
Tags: Adicionar Tag
Sem tags, seja o primeiro a adicionar uma tag!

MARC

LEADER 00000nbm a2200000 4500
001 0294445
005 20240619133315.4
041 0 |a slo 
044 |a SK 
245 1 0 |a Maloobchod bezobalových produktov  |b bakalárska práca  |c Laura Orechovská ; školiteľ: Vanda Lieskovská 
264 1 |a Košice  |c 2023 
300 |a 47 s. 
100 1 |a Orechovská, Laura 
700 1 |a Lieskovská, Vanda, 1961- 
710 2 |a Podnikovohospodárska fakulta EU so sídlom v Košiciach. Katedra obchodného podnikania